000 00561cam a22002053a 4500
001 41819
003 PGUSA
005 20140828083937.0
008 130111s2013||||xxu|||||s|||||000 | eng d
040 _aPGUSA
_beng
042 _adc
100 1 _aRai, Lajpat
245 1 4 _aThe Political Future of India
_h[electronic resource] /
_cLajpat Rai
260 _bProject Gutenberg,
_c2013
506 _aPublic domain in the USA.
516 _aElectronic text
830 0 _aProject Gutenberg
_v41819
856 4 0 _uhttp://www.gutenberg.org/ebooks/41819
942 _cEB
999 _c271071
_d271071